The Big Board: American Sitcoms Quiz Stats

Quiz Updated Sep 5, 2017

Challenge
Share
Tweet
Score 0/36 Timer 06:00
2 Plays Today
Hint Answer % Correct
Identify each sitcom by a frame from its credit sequence.
100%
Answer these trivia questions about actors who left hit shows.
99.9%
Provide answers for these questions about Comedy Emmy Awards.
99.9%
Give the character name of each of these famous sitcom bosses.
99.9%
Name a character who is the brother of each specified character.
99.9%
Identify each animated sitcom from a picture of a family vehicle.
99.9%
The Simpsons
92.5%
How I Met Your Mother
91.7%
Charlie Sheen
91.2%
Modern Family
89.9%
The Jetsons
88.9%
Ross
88.4%
30 Rock
85.4%
Cheers
82%
American Dad
81.7%
King of the Hill
80.3%
Stewie, Chris
74.4%
Michael Scott
73.9%
Hint Answer % Correct
Roseanne
70%
The Golden Girls
61.7%
Mad About You
61.2%
It's Always Sunny in Philadelphia
56.9%
Leslie Knope
55.7%
Topher Grace
53.5%
BoJack Horseman
50.6%
John Ritter
49.9%
Kevin, Wayne
49.3%
Danson, Grammer, Lithgow, Nelson, Reynolds
46.5%
GOB, Buster, Annyong
46%
Francis, Reese, Dewey, Jamie
42.5%
Isaac Hayes
41.5%
M*A*S*H
41.4%
J. Peterman
37.3%
Lisa Bonet
37.3%
Dr. Bob Kelso
32.5%
Selina Meyer
27.3%

You're not logged in!

Compare scores with friends on all Sporcle quizzes.
Sign Up with Email
OR
Log In

You Might Also Like...

Show Comments

Extras

Top Quizzes Today


Score Distribution

Your Account Isn't Verified!

In order to create a playlist on Sporcle, you need to verify the email address you used during registration. Go to your Sporcle Settings to finish the process.

Report this User

Report this user for behavior that violates our Community Guidelines.

Details: